Statistics for Country Logic Puzzle by Scambigol #15

Click here to take the quiz!

General Stats

  • This quiz has been taken 351 times
  • The average score is 21 of 24

Answer Stats

COUNTRY% Correct
Kiribati
97%
Vanuatu
97%
Qatar
96%
Oman
95%
Yemen
95%
Zambia
93%
Jordan
90%
Angola
89%
France
89%
Israel
89%
Malawi
89%
Botswana
88%
Hungary
88%
Lebanon
88%
Democratic
Republic
of the Congo
87%
Egypt
87%
Germany
87%
Namibia
87%
Syria
87%
Poland
86%
Ukraine
85%
Czech
Republic
84%
Turkey
84%
Republic
of the Congo
76%

Score Distribution

Percentile by Number Answered

Percent of People with Each Score

Your Score History

You have not taken this quiz